| 000 | 00565nam a2200193 i 4500 | ||
|---|---|---|---|
| 001 | 95769 | ||
| 003 | ES-MaACL | ||
| 005 | 20250802101703.0 | ||
| 007 | t| | ||
| 008 | 050606s1969 sp ||||1| spa d | ||
| 100 | 1 |
_aMaas, Peter. _974992 |
|
| 245 | 1 | 4 |
_aLas revelaciones de Joe Valachi / _cPeter Maas; [traducción de Andrés Bosch]. |
| 250 | _a[1ª ed.]. | ||
| 260 |
_aBarcelona : _bNoguer, _c1969. |
||
| 300 |
_a280 p. 4 lám. ; _c22 cm. |
||
| 700 | 1 |
_aBosch, Andrés, _d1926-1984 _9160182 |
|
| 852 |
_aES-MaACL _jC-38630 _bR.71274 |
||
| 999 |
_c95769 _d95769 |
||